| 000 | 01090nam a22003497a 4500 | ||
|---|---|---|---|
| 001 | 0002194 | ||
| 003 | KOHA_MİRAKIL | ||
| 005 | 20260207001307.0 | ||
| 007 | ta | ||
| 008 | 090219b2003 tu |||gr||||#||||0|tur | | ||
| 020 | _a9755914536 | ||
| 040 |
_aTR-BiSEU _btur _cTR-BiSEU _erda |
||
| 041 | 0 | _atur | |
| 044 | _ctu | ||
| 050 |
_aHG6024.3 _b.P21 2003 |
||
| 100 | 1 | _aParlakkaya, Raif. | |
| 245 | 1 |
_aFinansal türev ürünler ile mali risk yönetimi ve muhasebe uygulamaları/ _cRaif Parlakkaya ; Raif Parlakkaya. |
|
| 264 | 1 |
_aAnkara : _bNobel Yayın Dağıtım _c2003 |
|
| 300 | _a254 sayfa: resimli | ||
| 336 |
_ametin _btxt _2rdacontent |
||
| 337 |
_aaracısız _bn _2rdamedia |
||
| 338 |
_acilt _bnc _2rdacarrier |
||
| 490 | 1 |
_aNobel yayın ; _vno. |
|
| 490 | 1 | _a474. | |
| 490 | 1 |
_aHukuk , işletme, iktisat, iletişim dizisi ; _v96 |
|
| 500 | _aKaynakça var. | ||
| 650 | 0 |
_aFinansal türevler Muhasebe. _96521 |
|
| 830 | 1 |
_aNobel yayın ; _vno. _91510 |
|
| 830 | 1 |
_a474. _96522 |
|
| 830 | 1 |
_aHukuk , işletme, iktisat, iletişim dizisi ; _v96 _96523 |
|
| 942 |
_2lcc _cBK |
||
| 999 |
_c2181 _d2181 |
||